000 00275nam a2200121 a 4500
001 4140
005 20140414131853.0
008 090218s19uu xx 00 eng d
050 _aM 741.6
_bB87 1990
100 _aBulloch, Ivan
245 _aHands on design.
999 _c110311
_d110311